Finančné problémy firiem - indikácia, riešenie, prevencia
Vymedzenie finančných problémov firiem. Štruktúra konkrétneho problému obsahuje symptómy, príčiny, riešenie, prevenciu a vysvetlenie problému. 1. Nedostatočná výška obežného kapitálu. 2. Vysoká zadlženosť. 3. Nízka návratnosť aktív. 4. Vysoké mzdové náklady.
Saved in:
| Main Author: | |
|---|---|
| Format: | Book Chapter |
| Language: | Slovak |
| Subjects: | |
| Tags: |
No Tags, Be the first to tag this record!
|
MARC
| LEADER | 00000naa a2200000 4500 | ||
|---|---|---|---|
| 001 | r033792 | ||
| 005 | 20230926073038.4 | ||
| 041 | 0 | |a slo | |
| 044 | |a SK | ||
| 245 | 1 | 0 | |a Finančné problémy firiem - indikácia, riešenie, prevencia |c Jozef Klučka |
| 520 | |a Vymedzenie finančných problémov firiem. Štruktúra konkrétneho problému obsahuje symptómy, príčiny, riešenie, prevenciu a vysvetlenie problému. 1. Nedostatočná výška obežného kapitálu. 2. Vysoká zadlženosť. 3. Nízka návratnosť aktív. 4. Vysoké mzdové náklady. | ||
| 610 | 2 | 0 | |a hospodárstvo podniku finančné |
| 610 | 2 | 0 | |a financie podnikové |
| 610 | 2 | 0 | |a kapitál obežný |
| 610 | 2 | 0 | |a zadlženosť |
| 610 | 2 | 0 | |a náklady mzdové |
| 100 | 1 | |a Klučka, Jozef | |